| 000 | 00528nam a22001817a 4500 | ||
|---|---|---|---|
| 003 | CEME | ||
| 005 | 20210628202742.0 | ||
| 008 | 210204b xxu||||| |||| 00| 0 eng d | ||
| 020 | _a0-201-36186-8 | ||
| 040 | _c. | ||
| 082 | _a621.38220151 MOO | ||
| 100 |
_aMoon, Todd K Stirling, Wynn C _961429 |
||
| 245 | _aMathematical methods and algorithms for signal processing | ||
| 260 |
_aNEW JERSEY _bPRENTICE HALL _c1991 |
||
| 300 | _aXXXVI,937P | ||
| 650 |
_aSIGNAL PROCESSING MATHEMATICS, ALGORITHMS _961430 |
||
| 942 |
_cBK _2ddc |
||
| 999 |
_c570884 _d570884 |
||